Cambridge practice tests for ielts 1 self-study Edition (Record no. 491111)
[ view plain ]
| 000 -LEADER | |
|---|---|
| fixed length control field | 00439nam a22001577a 4500 |
| 020 ## - INTERNATIONAL STANDARD BOOK NUMBER | |
| International Standard Book Number | 0521497671 |
| 082 ## - DEWEY DECIMAL CLASSIFICATION NUMBER | |
| Classification number | 428.0076 JAK |
| 100 ## - MAIN ENTRY--PERSONAL NAME | |
| Personal name | Jakeman, Vanessa. |
| 245 ## - TITLE STATEMENT | |
| Title | Cambridge practice tests for ielts 1 self-study Edition |
| 260 ## - PUBLICATION, DISTRIBUTION, ETC. | |
| Place of publication, distribution, etc. | UK |
| Name of publisher, distributor, etc. | Cambridge University Press |
| Date of publication, distribution, etc. | 1996 |
| 300 ## - PHYSICAL DESCRIPTION | |
| Extent | iv, 156 p. ; |
| Accompanying material | CD-ROM |
| 490 ## - SERIES STATEMENT | |
| Series statement | Ielts practice tests. |
| 650 ## - SUBJECT ADDED ENTRY--TOPICAL TERM | |
| Topical term or geographic name entry element | Examination Papers IELTS |
| 700 ## - ADDED ENTRY--PERSONAL NAME | |
| Personal name | McDowell Clare |
| 942 ## - ADDED ENTRY ELEMENTS (KOHA) | |
| Koha item type | Book |
| Withdrawn status | Lost status | Damaged status | Not for loan | Collection code | Permanent Location | Current Location | Shelving location | Date acquired | Source of acquisition | Total Checkouts | Full call number | Barcode | Checked out | Date last seen | Date last checked out | Price effective from | Koha item type | Total Renewals |
|---|---|---|---|---|---|---|---|---|---|---|---|---|---|---|---|---|---|---|
| Central Library (CL) | Central Library (CL) | General Stacks | 03/21/2018 | Donation | 6 | 428.0076 JAK | SEECSD01373 | 05/17/2023 | 05/02/2023 | 05/02/2023 | 03/30/2018 | Book | ||||||
| Central Library (CL) | Central Library (CL) | General Stacks | 03/21/2018 | Donation | 14 | 428.0076 JAK | SEECSD01374 | 12/13/2025 | 11/13/2025 | 11/13/2025 | 03/30/2018 | Book | 4 |
